[Event "VI Weekend Firenzescacchi A"]
[Site "Firenze ITA"]
[Date "2012.11.01"]
[Round "2"]
[White "Petri, Petrag"]
[Black "Resch, Aaron"]
[WhiteElo "1588"]
[BlackElo "1692"]
[Result "0-1"]
[PlyCount "134"]
[EventDate "2012.11.01"]

1. d4 b6 2. Nf3 Bb7 3. c3 g6 4. Bf4 d6 5. Nbd2 Bg7 6. e3 Nd7 7. Bc4 e6 8. h4 h6
9. Bd3 Ngf6 10. Qc2 Qe7 11. Bg3 Nh5 12. Bh2 f5 13. Rg1 Nhf6 14. O-O-O a6 15. e4
O-O-O 16. e5 dxe5 17. Nxe5 Nxe5 18. Bxe5 Ng4 19. Bxg7 Qxg7 20. Nf3 Kb8 21. Rde1
Rhe8 22. Ne5 Nxe5 23. Rxe5 Ka7 24. Qe2 Qd7 25. Bc4 Bd5 26. Bb3 Bxb3 27. axb3
Qc6 28. Qf3 Rd6 29. Qxc6 Rxc6 30. d5 Rc5 31. Rge1 Kb7 32. Rxe6 Rg8 33. c4 b5
34. Rc6 Rxc6 35. dxc6+ Kxc6 36. Re6+ Kc5 37. Rxa6 bxc4 38. bxc4 Kxc4 39. Rc6+
Kd3 40. Rxc7 Ke2 41. Rc2+ Kf1 42. g3 Re8 43. b3 g5 44. hxg5 hxg5 45. Kb2 f4 46.
gxf4 gxf4 47. b4 f3 48. b5 Re5 49. Kc3 Rxb5 50. Kd4 Rb3 51. Ke4 Kg2 52. Kf4 Rd3
53. Ke4 Rd1 54. Ke3 Re1+ 55. Kd3 Kf1 56. Rb2 Re2 57. Rb1+ Kxf2 58. Rb8 Kf1 59.
Rg8 f2 60. Rg5 Re8 61. Kd2 Rd8+ 62. Kc1 Ke2 63. Re5+ Kf3 64. Rf5+ Kg3 65. Rf7
Re8 66. Kd2 Re1 67. Rg7+ Kh4 0-1

[Event "VI Weekend Firenzescacchi A"]
[Site "Firenze ITA"]
[Date "2012.11.01"]
[Round "2"]
[White "Scali, Fausto"]
[Black "Madiai, Federico"]
[WhiteElo "1882"]
[BlackElo "2208"]
[Result "0-1"]
[PlyCount "58"]
[EventDate "2012.11.01"]

1. d4 Nf6 2. c4 e6 3. Nc3 Bb4 4. Nf3 c5 5. g3 cxd4 6. Nxd4 Ne4 7. Qc2 Nxc3 8.
bxc3 Be7 9. Bg2 Nc6 10. O-O Qc7 11. Rb1 Ne5 12. Bf4 f6 13. Be4 g6 14. Nf3 d6
15. Nxe5 dxe5 16. Bh6 f5 17. Bg2 e4 18. Rfd1 Kf7 19. Rd2 Bd7 20. Bf4 Qc8 21.
Rbd1 Bc6 22. Be5 Rg8 23. Qc1 Ba4 24. Re1 Qf8 25. Rd4 Bc5 26. Qf4 g5 27. Qd2 Rd8
28. Rxd8 Qxd8 29. Rd1 Bxd1 0-1

[Event "VI Weekend Firenzescacchi A"]
[Site "Firenze ITA"]
[Date "2012.11.01"]
[Round "2"]
[White "Seletsky, Grigory"]
[Black "Innocenti, Luca"]
[WhiteElo "2297"]
[BlackElo "1992"]
[Result "1-0"]
[PlyCount "63"]
[EventDate "2012.11.01"]

1. g3 g6 2. Bg2 Bg7 3. c4 d6 4. Nc3 Nd7 5. d4 e6 6. f4 Ne7 7. e4 a6 8. Nge2 h6
9. O-O Rb8 10. Be3 O-O 11. Qd2 Kh7 12. c5 Nf6 13. cxd6 cxd6 14. h3 b5 15. g4
Bb7 16. Ng3 Nfg8 17. f5 Qd7 18. Rf2 exf5 19. gxf5 g5 20. Nh5 f6 21. d5 Nc8 22.
Ne2 Nge7 23. Nd4 Rf7 24. Ne6 Bh8 25. Rc1 Qe8 26. Qa5 Ng8 27. Rfc2 Rd7 28. Bf3
Nge7 29. Bd4 Ng8 30. Rc7 Rxc7 31. Rxc7+ Nce7 32. Ba7 1-0

[Event "VI Weekend Firenzescacchi A"]
[Site "Firenze ITA"]
[Date "2012.11.01"]
[Round "2"]
[White "Stirpe, Claudio"]
[Black "Donzellotti, Giuseppe"]
[WhiteElo "1995"]
[BlackElo "1511"]
[Result "1-0"]
[PlyCount "89"]
[EventDate "2012.11.01"]

1. d4 Nf6 2. c4 e5 3. dxe5 Ng4 4. Bf4 Nc6 5. Nf3 Bb4+ 6. Nbd2 Qe7 7. a3 Ngxe5
8. Nxe5 Nxe5 9. e3 Bxd2+ 10. Qxd2 d6 11. Be2 Bd7 12. O-O Bc6 13. b4 b6 14. c5
O-O 15. cxd6 Qxd6 16. Qxd6 cxd6 17. Rac1 Rac8 18. Ba6 Bd7 19. Bxc8 Bxc8 20.
Rfd1 f6 21. Rxd6 Ng6 22. Bg3 Re8 23. Rcd1 Kf7 24. Rd8 Ke7 25. Rxe8+ Kxe8 26.
Bb8 a6 27. Bc7 Bd7 28. Bxb6 Ke7 29. Bc5+ Ke8 30. Rd6 Bb5 31. a4 Be2 32. Rd2 Bc4
33. Rd4 Be2 34. f3 Ne5 35. Kf2 Bc4 36. f4 Nd3+ 37. Kg3 Nb2 38. b5 axb5 39. axb5
Be6 40. b6 Bc8 41. Rb4 Nd3 42. Re4+ Kf7 43. Re7+ Kg6 44. Bd6 Nb2 45. b7 1-0

[Event "VI Weekend Firenzescacchi A"]
[Site "Firenze ITA"]
[Date "2012.11.02"]
[Round "3"]
[White "Bagaglia, Riccardo"]
[Black "Scali, Fausto"]
[WhiteElo "1773"]
[BlackElo "1882"]
[Result "0-1"]
[PlyCount "58"]
[EventDate "2012.11.01"]

1. e4 c5 2. Nc3 Nc6 3. f4 e6 4. Bc4 Nf6 5. Qe2 Nd4 6. Qd3 a6 7. e5 d5 8. exd6
Bxd6 9. Nh3 b5 10. Nxb5 axb5 11. Bxb5+ Nxb5 12. Qxb5+ Bd7 13. Qe2 O-O 14. O-O
Qb6 15. Kh1 c4 16. d3 cxd3 17. Qxd3 Bc5 18. c4 Bc6 19. Ng5 h6 20. Nf3 Ne4 21.
Qc2 Nf2+ 22. Rxf2 Bxf2 23. Ne5 Bd4 24. a4 Rfd8 25. a5 Rxa5 26. Rb1 Bxe5 27. b4
Be4 28. Qe2 Bxb1 29. bxa5 Qd4 0-1

[Event "VI Weekend Firenzescacchi A"]
[Site "Firenze ITA"]
[Date "2012.11.02"]
[Round "3"]
[White "Bini, Alessandro"]
[Black "Cerri, Paolo"]
[WhiteElo "1859"]
[BlackElo "1546"]
[Result "1-0"]
[PlyCount "61"]
[EventDate "2012.11.01"]

1. c4 Nf6 2. Nc3 d5 3. cxd5 Nxd5 4. e4 Nf6 5. Be2 c5 6. Nf3 Nc6 7. O-O e6 8.
Re1 Be7 9. Bb5 Bd7 10. e5 Nd5 11. Bf1 Nf4 12. d4 Ng6 13. d5 exd5 14. Nxd5 O-O
15. Nxe7+ Qxe7 16. Bc4 Be6 17. Bg5 Qd7 18. Qxd7 Bxd7 19. h3 h6 20. Bd2 Rfe8 21.
Bc3 Be6 22. Bd3 Nf4 23. Be4 Nd5 24. Rac1 Rac8 25. b3 Nxc3 26. Rxc3 b6 27. Bxc6
Rxc6 28. Nd4 Rcc8 29. Nb5 Re7 30. f4 Rf8 31. Nd6 1-0

[Event "VI Weekend Firenzescacchi A"]
[Site "Firenze ITA"]
[Date "2012.11.02"]
[Round "3"]
[White "Calcagnile, Lucio"]
[Black "Seletsky, Grigory"]
[WhiteElo "2025"]
[BlackElo "2297"]
[Result "0-1"]
[PlyCount "106"]
[EventDate "2012.11.01"]

1. Nf3 d5 2. c4 c6 3. g3 Nf6 4. d4 Bf5 5. Qb3 Qb6 6. Bg2 e6 7. O-O Nbd7 8. Nbd2
h6 9. Qa4 Be7 10. c5 Qd8 11. b4 a6 12. Bb2 O-O 13. Qb3 Ne4 14. Nxe4 Bxe4 15.
Rfd1 a5 16. a3 b5 17. Ne5 Nxe5 18. Bxe4 Nc4 19. Bc2 a4 20. Qd3 f5 21. Bc3 Qc7
22. Re1 Rae8 23. f3 Bg5 24. e4 Qf7 25. exd5 exd5 26. f4 Bd8 27. Rxe8 Qxe8 28.
Re1 Qf7 29. Bd2 g6 30. Be3 Re8 31. Bf2 Rxe1+ 32. Bxe1 Qe6 33. Bf2 Bf6 34. Qf3
Nd2 35. Qd1 Ne4 36. Qe1 Kf7 37. Be3 g5 38. Qd1 Kg6 39. g4 fxg4 40. fxg5 Bxg5
41. Qc1 Bf6 42. Bxh6 Bxd4+ 43. Kg2 Qf5 44. Bf4 Bb2 45. Qxb2 Qxf4 46. Bxe4+ dxe4
47. Qh8 Qf3+ 48. Kg1 e3 49. Qe8+ Kf5 50. Qd7+ Ke5 51. Qd6+ Ke4 52. Qxc6+ Kd3
53. Qd6+ Ke2 0-1

[Event "VI Weekend Firenzescacchi A"]
[Site "Firenze ITA"]
[Date "2012.11.02"]
[Round "3"]
[White "Donzellotti, Giuseppe"]
[Black "Burgassi, Daniele"]
[WhiteElo "1511"]
[BlackElo "1802"]
[Result "1/2-1/2"]
[PlyCount "53"]
[EventDate "2012.11.01"]

1. e4 c5 2. Nf3 Nc6 3. Bb5 g6 4. c3 Bg7 5. O-O e6 6. d4 cxd4 7. cxd4 Qb6 8.
Bxc6 bxc6 9. b3 Nf6 10. Re1 O-O 11. Nbd2 Ba6 12. Ba3 Rfc8 13. Nc4 Bxc4 14. bxc4
Qa6 15. Qd3 d5 16. e5 dxc4 17. Qc3 Nd5 18. Qc1 Rab8 19. Bd6 Rb7 20. Nd2 c3 21.
Ne4 Qc4 22. Rb1 Rxb1 23. Qxb1 Qb5 24. Qc2 Qa5 25. Rb1 Bf8 26. Bxf8 Kxf8 27. Rb3
1/2-1/2

[Event "VI Weekend Firenzescacchi A"]
[Site "Firenze ITA"]
[Date "2012.11.02"]
[Round "3"]
[White "Efimov, Igor"]
[Black "Novelli, Cristiano"]
[WhiteElo "2406"]
[BlackElo "2022"]
[Result "1/2-1/2"]
[PlyCount "79"]
[EventDate "2012.11.01"]

1. d4 d5 2. Nf3 Nf6 3. c4 e6 4. Bg5 Nbd7 5. cxd5 exd5 6. Nc3 c6 7. Qc2 Qa5 8.
Nd2 Bb4 9. Rc1 O-O 10. a3 Bd6 11. Bh4 Re8 12. Bg3 Bf8 13. e3 a6 14. Bd3 c5 15.
Nb3 Qd8 16. dxc5 Nxc5 17. Nxc5 Bxc5 18. O-O Ba7 19. Rfd1 Bg4 20. Be2 Be6 21.
Bf3 Qa5 22. Qd2 Rad8 23. Be5 Ng4 24. Bd4 Bb8 25. Bxg7 Bxh2+ 26. Kh1 d4 27. exd4
Qh5 28. Bxg4 Bxg4 29. Qh6 Bxd1 30. Rxd1 Qxh6 31. Bxh6 Bd6 32. g3 Bf8 33. Be3 b5
34. Kg2 Rc8 35. Rd3 f5 36. Kf3 Kf7 37. Ke2 Bh6 38. Kf3 Bf8 39. Ke2 Bh6 40. Kf3
1/2-1/2

[Event "VI Weekend Firenzescacchi A"]
[Site "Firenze ITA"]
[Date "2012.11.02"]
[Round "3"]
[White "Engl, Alexander"]
[Black "Engl, Stefan"]
[WhiteElo "1737"]
[BlackElo "1857"]
[Result "0-1"]
[PlyCount "58"]
[EventDate "2012.11.01"]

1. f4 e5 2. fxe5 Nc6 3. Nf3 g5 4. g3 g4 5. Nh4 Nxe5 6. d4 Ng6 7. Nxg6 hxg6 8.
e4 d5 9. e5 Bf5 10. Bd3 Qd7 11. Nc3 O-O-O 12. Bf4 f6 13. O-O Be7 14. Bxf5 gxf5
15. Qd3 Rf8 16. Rae1 fxe5 17. Rxe5 c6 18. Re2 Nf6 19. Be5 Rh5 20. Ref2 Nh7 21.
Nd1 Ng5 22. Kg2 Ne4 23. Re2 Rf7 24. c4 Rfh7 25. Kg1 Ng5 26. cxd5 Nh3+ 27. Kh1
Qxd5+ 28. Rg2 Nf2+ 29. Nxf2 Rxh2+ 0-1

[Event "VI Weekend Firenzescacchi A"]
[Site "Firenze ITA"]
[Date "2012.11.02"]
[Round "3"]
[White "Fiaschi, Maurizio"]
[Black "Cignolini, Eugenio"]
[WhiteElo "1673"]
[BlackElo "1661"]
[Result "1-0"]
[PlyCount "73"]
[EventDate "2012.11.01"]

1. e4 d6 2. d4 Nf6 3. Bd3 g6 4. Nc3 e5 5. dxe5 dxe5 6. Bg5 c6 7. Qe2 Nbd7 8.
O-O-O Bg7 9. f4 Qc7 10. f5 O-O 11. fxg6 fxg6 12. Bc4+ Kh8 13. h4 h5 14. Be6 Nc5
15. Bxc8 Qxc8 16. Bxf6 Bxf6 17. Rd6 Qc7 18. Qd2 Kg7 19. b4 Rad8 20. bxc5 Rxd6
21. cxd6 Qa5 22. Nf3 Rd8 23. d7 b5 24. Ng5 Bxg5 25. hxg5 Qa3+ 26. Kd1 Qe7 27.
Rh3 Rxd7 28. Rd3 Rxd3 29. cxd3 a5 30. d4 exd4 31. Qxd4+ Kg8 32. Qf6 Qd7+ 33.
Kc2 Kh7 34. e5 Qf5+ 35. Qxf5 gxf5 36. e6 Kg6 37. Ne2 1-0

[Event "VI Weekend Firenzescacchi A"]
[Site "Firenze ITA"]
[Date "2012.11.02"]
[Round "3"]
[White "Garofalo, Simone"]
[Black "Omeri, Silvan"]
[WhiteElo "2009"]
[BlackElo "2194"]
[Result "0-1"]
[PlyCount "86"]
[EventDate "2012.11.01"]

1. e4 c5 2. Nf3 d6 3. d4 cxd4 4. Nxd4 Nf6 5. Nc3 g6 6. Be3 a6 7. f3 e5 8. Nb3
Be6 9. Qd2 Nbd7 10. O-O-O Rc8 11. Kb1 b5 12. g4 Nb6 13. g5 Nfd7 14. h4 Nc4 15.
Bxc4 bxc4 16. Nc1 Qa5 17. h5 Rg8 18. hxg6 hxg6 19. Rh7 Rb8 20. N1e2 Qb4 21. Qc1
Be7 22. Ka1 Nc5 23. a3 Qb7 24. Ng3 Qc6 25. Qd2 Na4 26. Nxa4 Qxa4 27. Ne2 Qb5
28. Rb1 Rb7 29. Nc3 Qc6 30. Rhh1 Bd8 31. Nd5 Bxd5 32. exd5 Qa4 33. c3 Rb3 34.
Ka2 Ba5 35. Rhc1 Kd7 36. f4 e4 37. Bd4 Re8 38. Qe3 Bb4 39. Qh3+ Kc7 40. cxb4
Rxh3 41. Rxc4+ Kb7 42. Rbc1 Qb3+ 43. Ka1 Qxc4 0-1

[Event "VI Weekend Firenzescacchi A"]
[Site "Firenze ITA"]
[Date "2012.11.02"]
[Round "3"]
[White "Ghods, Maziar"]
[Black "Bonacchi, Roberto"]
[WhiteElo "1896"]
[BlackElo "1566"]
[Result "1-0"]
[PlyCount "29"]
[EventDate "2012.11.01"]

1. d4 d5 2. Nc3 Bf5 3. f3 Nf6 4. Bg5 c6 5. Qd2 Nbd7 6. O-O-O h6 7. Bh4 Qa5 8.
e4 dxe4 9. fxe4 Bg4 10. Nf3 e5 11. dxe5 Bxf3 12. gxf3 Nxe5 13. Bxf6 gxf6 14. f4
Rd8 15. Qxd8+ 1-0

[Event "VI Weekend Firenzescacchi A"]
[Site "Firenze ITA"]
[Date "2012.11.02"]
[Round "3"]
[White "Gori, Marco"]
[Black "Francalanci, Giulio"]
[WhiteElo "1823"]
[BlackElo "1798"]
[Result "1-0"]
[PlyCount "175"]
[EventDate "2012.11.01"]

1. Nf3 d5 2. e3 Nf6 3. c4 c6 4. d4 e6 5. Be2 Nbd7 6. O-O Bd6 7. Nbd2 O-O 8. a4
e5 9. dxe5 Nxe5 10. cxd5 Nxd5 11. Ne4 Nxf3+ 12. Bxf3 Be5 13. Qb3 Qe7 14. Nc3
Nxc3 15. bxc3 Qh4 16. g3 Qf6 17. Bg2 Bxc3 18. Rb1 Rb8 19. Qc2 Bf5 20. e4 Be6
21. h4 Bd4 22. Bf4 Be5 23. Bg5 Qg6 24. Qc5 Bf6 25. Bf4 b6 26. Qxc6 Rbc8 27. Qb7
Bd4 28. Bd6 Rfe8 29. Bf4 h6 30. Rfd1 Bc5 31. Qxa7 Ra8 32. Qc7 Rxa4 33. Rd8 Rxd8
34. Qxd8+ Kh7 35. Qd1 Ra2 36. Rc1 Bxf2+ 37. Kh2 Bh3 38. Kxh3 h5 39. Rc2 Rxc2
40. Qxc2 Bg1 41. Bf3 Bc5 42. Qe2 Qe6+ 43. Kg2 g6 44. Qd3 Qa2+ 45. Qd2 Qa1 46.
Be3 Bxe3 47. Qxe3 Qb2+ 48. Kh3 b5 49. Qf4 Kg8 50. e5 Qb3 51. Qf6 b4 52. Be4 Qc4
53. Qf3 Qe6+ 54. Kg2 Qxe5 55. Bd5 Qe7 56. Qe4 Qxe4+ 57. Bxe4 Kg7 58. Kf3 f6 59.
Bd5 g5 60. hxg5 fxg5 61. Ke4 Kf6 62. Bb3 h4 63. g4 h3 64. Kf3 Ke5 65. Kg3 h2
66. Kxh2 Kf4 67. Kh3 Kf3 68. Bc2 Kf2 69. Bd1 Ke1 70. Bb3 Kf2 71. Bd5 Ke3 72.
Kg3 Ke2 73. Bb3 Ke3 74. Ba4 Ke2 75. Bb5+ Ke3 76. Bc4 Kd4 77. Bf7 Ke3 78. Be6
Ke2 79. Kg2 Ke3 80. Kf1 Kf3 81. Ke1 Ke3 82. Kd1 Kd3 83. Kc1 Kc3 84. Kb1 Kd4 85.
Kb2 Kc5 86. Kb3 Kb5 87. Bd7+ Kc5 88. Be8 1-0

[Event "VI Weekend Firenzescacchi A"]
[Site "Firenze ITA"]
[Date "2012.11.02"]
[Round "3"]
[White "Innocenti, Luca"]
[Black "Mordini, Stefano"]
[WhiteElo "1992"]
[BlackElo "1752"]
[Result "1-0"]
[PlyCount "63"]
[EventDate "2012.11.01"]

1. Nf3 b6 2. g3 Bb7 3. Bg2 e6 4. O-O g6 5. d3 Bg7 6. Nbd2 Ne7 7. c3 d6 8. e4
Nd7 9. Re1 a6 10. a4 Ra7 11. Nc4 Qa8 12. Be3 a5 13. Na3 Ba6 14. e5 d5 15. d4
Nf5 16. b4 Nxe3 17. fxe3 axb4 18. cxb4 O-O 19. e4 dxe4 20. Ng5 Bb7 21. Nb5 Qd8
22. Nxa7 Qxg5 23. Bxe4 Bxe4 24. Rxe4 Nxe5 25. dxe5 Bxe5 26. Ra2 Rd8 27. Qe2
Qc1+ 28. Kg2 Bd4 29. Rd2 e5 30. Rxe5 Rd6 31. Re8+ Kg7 32. Rxd4 1-0

[Event "VI Weekend Firenzescacchi A"]
[Site "Firenze ITA"]
[Date "2012.11.02"]
[Round "3"]
[White "Landi, Alberto"]
[Black "Bini, Lorenzo"]
[WhiteElo "1578"]
[BlackElo "1941"]
[Result "1/2-1/2"]
[PlyCount "95"]
[EventDate "2012.11.01"]

1. e4 g6 2. d4 Bg7 3. c4 d6 4. Be3 Nc6 5. Nc3 e5 6. dxe5 Nxe5 7. f4 Ng4 8. Bd4
f6 9. Be2 N4h6 10. Nf3 Ne7 11. O-O c5 12. Be3 O-O 13. h3 b6 14. Qd2 Nf7 15. Ne1
Bb7 16. Nc2 a6 17. Rad1 Qc7 18. f5 gxf5 19. exf5 Ne5 20. Qxd6 Qc6 21. Qxc6 Bxc6
22. Nd5 Nc8 23. Bf4 Ra7 24. Nce3 Kh8 25. Kh2 b5 26. b3 Rd7 27. h4 Nd6 28. Bxe5
fxe5 29. f6 Bh6 30. Ng4 Nf7 31. Nxh6 Nxh6 32. Ne7 Rxd1 33. Rxd1 Rxf6 34. Nxc6
Rxc6 35. cxb5 axb5 36. Bxb5 Rb6 37. Bd7 Ra6 38. Rd5 Ra7 39. Ba4 e4 40. Rxc5 e3
41. Rc2 Re7 42. Bb5 Nf5 43. Be2 Nd4 44. Rb2 Rf7 45. Bc4 Rf2 46. Rxf2 exf2 47.
Kg3 f1=Q 48. Bxf1 1/2-1/2

[Event "VI Weekend Firenzescacchi A"]
[Site "Firenze ITA"]
[Date "2012.11.02"]
[Round "3"]
[White "Lantschner, Alexander"]
[Black "La Cognata, Lorenzo"]
[WhiteElo "1650"]
[BlackElo "1674"]
[Result "1/2-1/2"]
[PlyCount "102"]
[EventDate "2012.11.01"]

1. e4 e6 2. Nc3 d5 3. exd5 exd5 4. d4 Nf6 5. Bg5 Bb4 6. Bd3 O-O 7. Nge2 b6 8.
O-O c6 9. a3 Bd6 10. Ng3 h6 11. Bxf6 Qxf6 12. Nce2 Ba6 13. c3 Re8 14. Bxa6 Nxa6
15. Re1 Nc7 16. Kf1 Qh4 17. h3 Qf6 18. Qd3 Ne6 19. Qf5 Qg5 20. Qf3 Nf4 21. Rab1
Nxe2 22. Nxe2 Re6 23. Qg4 Qg6 24. Qxg6 Rxg6 25. Ng1 Rf6 26. Re2 Re6 27. Rbe1
Rae8 28. Nf3 Rxe2 29. Rxe2 Rxe2 30. Kxe2 f6 31. Kd3 Kf7 32. g4 Bf4 33. a4 a6
34. b3 b5 35. axb5 axb5 36. c4 bxc4+ 37. bxc4 g5 38. Ne1 Kg6 39. Nc2 f5 40.
gxf5+ Kxf5 41. c5 Ke6 42. Ke2 h5 43. Kf3 h4 44. Kg4 Bd2 45. Kf3 Kf5 46. Ke2 Ba5
47. Ne3+ Ke4 48. Nc2 Bc3 49. f3+ Kf4 50. Kf2 Bd2 51. Kg2 Bc3 1/2-1/2

[Event "VI Weekend Firenzescacchi A"]
[Site "Firenze ITA"]
[Date "2012.11.02"]
[Round "3"]
[White "Lantschner, Carmen"]
[Black "Malescusi, Dea Nataraj"]
[WhiteElo "1662"]
[BlackElo "1669"]
[Result "1-0"]
[PlyCount "103"]
[EventDate "2012.11.01"]

1. e4 d5 2. exd5 Nf6 3. c4 c6 4. dxc6 Nxc6 5. Nf3 e5 6. d3 Bf5 7. Be2 Qd7 8.
O-O O-O-O 9. Nc3 Bxd3 10. Bxd3 Qxd3 11. Qxd3 Rxd3 12. Re1 Bd6 13. h3 Bb8 14.
Be3 Rhd8 15. Rad1 h6 16. Rxd3 Rxd3 17. Rd1 Rxd1+ 18. Nxd1 Ng8 19. g4 Nge7 20.
Nc3 Nb4 21. a3 Nd3 22. b4 Ng6 23. Ne4 Ngf4 24. h4 Kd8 25. Kf1 Ke7 26. Kg1 f6
27. Nc5 Nxc5 28. Bxc5+ Ke6 29. Nd2 b6 30. Be3 Ng6 31. h5 Ne7 32. Kf1 f5 33. f3
f4 34. Bf2 g6 35. hxg6 Nxg6 36. Ke2 Bc7 37. Kd3 Ne7 38. Ne4 Kf7 39. c5 b5 40.
Nc3 a6 41. Ke4 Kg6 42. Nd5 Nxd5 43. Kxd5 Kf6 44. Bh4+ Kf7 45. Bf2 Ke7 46. c6
Kf7 47. Bc5 Ke8 48. Bd6 Kd8 49. Bxe5 Bxe5 50. Kxe5 Kc7 51. Kxf4 Kxc6 52. Ke5
1-0

[Event "VI Weekend Firenzescacchi A"]
[Site "Firenze ITA"]
[Date "2012.11.02"]
[Round "3"]
[White "Madiai, Federico"]
[Black "Stirpe, Claudio"]
[WhiteElo "2208"]
[BlackElo "1995"]
[Result "0-1"]
[PlyCount "70"]
[EventDate "2012.11.01"]

1. d4 Nf6 2. c4 c5 3. d5 e6 4. f3 exd5 5. cxd5 d6 6. e4 g6 7. Ne2 b5 8. Ng3 a6
9. a4 b4 10. Nd2 Bg7 11. a5 O-O 12. Nc4 Qe7 13. Bf4 Ne8 14. Nb6 Nc7 15. Nxa8
Nxa8 16. Qd2 Nc7 17. Bc4 Bd7 18. O-O Bb5 19. Rac1 Bxc4 20. Rxc4 Nb5 21. Bh6
Bxh6 22. Qxh6 Qf6 23. f4 Qxb2 24. e5 f5 25. exf6 Qxf6 26. f5 Nd7 27. Re4 gxf5
28. Nxf5 Qxh6 29. Nxh6+ Kg7 30. Nf5+ Kh8 31. Ne3 Rxf1+ 32. Kxf1 Ne5 33. Ke1 b3
34. Kd2 b2 35. Kc2 b1=Q+ 0-1

[Event "VI Weekend Firenzescacchi A"]
[Site "Firenze ITA"]
[Date "2012.11.02"]
[Round "3"]
[White "Resch, Aaron"]
[Black "Pavan, Federico"]
[WhiteElo "1692"]
[BlackElo "1696"]
[Result "1-0"]
[PlyCount "71"]
[EventDate "2012.11.01"]

1. e4 c6 2. d4 d5 3. e5 Bf5 4. Bd3 Bxd3 5. Qxd3 e6 6. Nf3 Nd7 7. Bf4 Ne7 8.
Nbd2 Ng6 9. Bg3 c5 10. c3 cxd4 11. cxd4 Bb4 12. a3 Bxd2+ 13. Qxd2 O-O 14. O-O
Rc8 15. Rac1 Nb6 16. Qb4 Qd7 17. Nd2 Qa4 18. Nb3 Qxb4 19. axb4 Nc4 20. Rc2 Ne7
21. b5 a6 22. bxa6 bxa6 23. Nc5 Nc6 24. Rd1 Nb4 25. Rc3 Rfd8 26. Bh4 Re8 27. b3
Nb6 28. Na4 Rxc3 29. Nxc3 Rc8 30. Na4 Nxa4 31. bxa4 Kf8 32. Rb1 Rc4 33. f4 Rxd4
34. Bf2 Rc4 35. Rxb4 Rxb4 36. Bc5+ 1-0

[Event "VI Weekend Firenzescacchi A"]
[Site "Firenze ITA"]
[Date "2012.11.03"]
[Round "4"]
[White "Bini, Lorenzo"]
[Black "Gori, Marco"]
[WhiteElo "1941"]
[BlackElo "1823"]
[Result "0-1"]
[PlyCount "96"]
[EventDate "2012.11.01"]

1. f4 d5 2. e3 c5 3. d3 Nc6 4. Nf3 Nf6 5. Be2 Qb6 6. O-O h6 7. a3 Qc7 8. Nc3 g5
9. e4 g4 10. Nh4 dxe4 11. dxe4 Nd4 12. Bc4 Be6 13. Bxe6 Nxe6 14. e5 Rd8 15. Qe2
Nd4 16. Qc4 Nd7 17. Nd5 Qc6 18. c3 b5 19. Qa2 Ne2+ 20. Kh1 Nxc1 21. Raxc1 c4
22. Nb4 Qb7 23. e6 Nc5 24. exf7+ Kxf7 25. Qb1 Qe4 26. Qxe4 Nxe4 27. Nc6 Rd2 28.
Ne5+ Ke8 29. Nxg4 Rg8 30. Ne3 e6 31. Nf3 Rxb2 32. Rb1 Bxa3 33. Rxb2 Bxb2 34.
Rb1 Nf2+ 35. Kg1 Nd3 36. Ne5 Bxc3 37. Rxb5 Bxe5 38. fxe5 c3 39. Rb3 Nxe5 40.
Rxc3 Kd7 41. Ra3 Nc6 42. Kf2 Rg5 43. h4 Rh5 44. g3 a5 45. Kg2 Kc7 46. Kh3 Kb6
47. g4 Rc5 48. Rb3+ Nb4 0-1

[Event "VI Weekend Firenzescacchi A"]
[Site "Firenze ITA"]
[Date "2012.11.03"]
[Round "4"]
[White "Bonacchi, Roberto"]
[Black "Engl, Alexander"]
[WhiteElo "1566"]
[BlackElo "1737"]
[Result "1-0"]
[PlyCount "111"]
[EventDate "2012.11.01"]

1. e4 d5 2. exd5 Qxd5 3. Nc3 Qd6 4. g3 Nf6 5. Bg2 c6 6. h3 Bf5 7. d3 e6 8. Nf3
Qc7 9. Bf4 Bd6 10. Bxd6 Qxd6 11. O-O Nbd7 12. Qe2 O-O 13. Nh4 Rfe8 14. Nxf5
exf5 15. Qd2 Nc5 16. Rad1 Rad8 17. Qg5 g6 18. Rfe1 Kg7 19. Rxe8 Rxe8 20. Qc1
Qd4 21. Kf1 Ne6 22. Re1 f4 23. gxf4 Nxf4 24. Rxe8 Nxe8 25. Qe3 Qxe3 26. fxe3
Nxg2 27. Kxg2 Nd6 28. e4 f6 29. Kf3 g5 30. Ne2 h5 31. Nd4 Kf7 32. c3 c5 33. Ne2
b5 34. Ng3 Kg6 35. b3 a5 36. a4 b4 37. cxb4 cxb4 38. d4 h4 39. Nf1 f5 40. exf5+
Nxf5 41. Ke4 Kf6 42. Nh2 Ng3+ 43. Kd5 Ne2 44. Ng4+ Kf5 45. Kc4 Nc3 46. d5 Ne4
47. Kd4 Nd6 48. Kc5 Ne4+ 49. Kc6 Kf4 50. Nf2 Nf6 51. d6 Kf3 52. Ng4 Nxg4 53.
hxg4 h3 54. d7 h2 55. d8=Q h1=Q 56. Qd5+ 1-0

[Event "VI Weekend Firenzescacchi A"]
[Site "Firenze ITA"]
[Date "2012.11.03"]
[Round "4"]
[White "Burgassi, Daniele"]
[Black "Bini, Alessandro"]
[WhiteElo "1802"]
[BlackElo "1859"]
[Result "0-1"]
[PlyCount "90"]
[EventDate "2012.11.01"]

1. e4 g6 2. d4 Bg7 3. Nc3 d6 4. f4 Nf6 5. Nf3 c6 6. Bd3 O-O 7. O-O b5 8. e5 Ne8
9. Qe1 e6 10. Qg3 b4 11. Ne4 Ba6 12. Bxa6 Nxa6 13. Neg5 h6 14. Ne4 d5 15. Nf2
c5 16. Qh3 cxd4 17. f5 exf5 18. Bxh6 f6 19. Nxd4 Nec7 20. Bxg7 Kxg7 21. e6 Qd6
22. Rae1 Rh8 23. Qg3 Qxg3 24. hxg3 Nc5 25. e7 Ne4 26. Nxe4 fxe4 27. Nc6 Rhe8
28. Rd1 a5 29. Rf4 Ra6 30. Nd4 Rxe7 31. Rg4 Re5 32. Rf1 Kf7 33. Rh4 Ne6 34. Ne2
Kg7 35. g4 Rc6 36. c3 bxc3 37. bxc3 Rb6 38. Kf2 Rb2 39. Ke3 a4 40. Rfh1 Nf8 41.
Rh8 Rxa2 42. Nf4 g5 43. Ng6 d4+ 44. cxd4 Ra3+ 45. Ke2 Rb5 0-1

[Event "VI Weekend Firenzescacchi A"]
[Site "Firenze ITA"]
[Date "2012.11.03"]
[Round "4"]
[White "Cerri, Paolo"]
[Black "Fiaschi, Maurizio"]
[WhiteElo "1546"]
[BlackElo "1673"]
[Result "1-0"]
[PlyCount "41"]
[EventDate "2012.11.01"]

1. e4 e5 2. Nf3 d5 3. Nc3 dxe4 4. Nxe4 f5 5. Nxe5 Qe7 6. Qh5+ g6 7. Nxg6 Qxe4+
8. Be2 Nf6 9. Qh3 Rg8 10. d3 Qe6 11. Nxf8 Rxf8 12. Bf4 Nd5 13. Bh6 Rf6 14. Bd2
f4 15. Qxh7 Nc6 16. Qh5+ Ke7 17. O-O Rh6 18. Qg5+ Qf6 19. Qxd5 Be6 20. Qc5+ Kf7
21. Bh5+ 1-0

[Event "VI Weekend Firenzescacchi A"]
[Site "Firenze ITA"]
[Date "2012.11.03"]
[Round "4"]
[White "Donzellotti, Giuseppe"]
[Black "Bagaglia, Riccardo"]
[WhiteElo "1511"]
[BlackElo "1773"]
[Result "0-1"]
[PlyCount "84"]
[EventDate "2012.11.01"]

1. e4 d5 2. exd5 Nf6 3. d4 Bg4 4. Be2 Bxe2 5. Qxe2 Qxd5 6. Nf3 Nc6 7. Be3 O-O-O
8. c4 Qf5 9. a3 e5 10. d5 Nd4 11. Nxd4 exd4 12. Bxd4 Re8 13. Be3 Qe4 14. O-O g5
15. Nc3 Qg6 16. h3 Nd7 17. Rad1 f5 18. Qd3 a6 19. Bd4 Rg8 20. Rfe1 Bd6 21. b4
g4 22. h4 g3 23. Rxe8+ Rxe8 24. f3 Qh5 25. Kf1 Qxh4 26. Qxf5 Rf8 27. Qh3 Rxf3+
28. Kg1 Qxh3 29. gxh3 b6 30. Kg2 Rf7 31. Ne2 Be5 32. Bxe5 Nxe5 33. Kxg3 Nxc4
34. Rd3 Rg7+ 35. Kh2 b5 36. Nf4 Kd7 37. Ne6 Rg8 38. Nc5+ Kd6 39. a4 Ne5 40. Rd1
bxa4 41. Ra1 Kxd5 42. Rxa4 Nf3+ 0-1

[Event "VI Weekend Firenzescacchi A"]
[Site "Firenze ITA"]
[Date "2012.11.03"]
[Round "4"]
[White "Engl, Stefan"]
[Black "Garofalo, Simone"]
[WhiteElo "1857"]
[BlackElo "2009"]
[Result "0-1"]
[PlyCount "54"]
[EventDate "2012.11.01"]

1. f4 e5 2. fxe5 d6 3. exd6 Bxd6 4. Nf3 Nf6 5. d4 O-O 6. Qd3 Nc6 7. c3 h6 8. g3
Re8 9. Bg2 Qe7 10. Nbd2 Bf5 11. e4 Nxe4 12. Nxe4 Bxe4 13. Qe2 Bd3 14. Qxe7
Rxe7+ 15. Kd2 Ba6 16. Bf1 Bxf1 17. Rxf1 Rae8 18. Re1 Rxe1 19. Nxe1 Nxd4 20.
cxd4 Bb4+ 21. Kd3 Rxe1 22. a3 Bd6 23. b4 Rh1 24. Bb2 Rxh2 25. Bc3 Rg2 26. Re1
Rxg3+ 27. Kc4 Kf8 0-1

[Event "VI Weekend Firenzescacchi A"]
[Site "Firenze ITA"]
[Date "2012.11.03"]
[Round "4"]
[White "Francalanci, Giulio"]
[Black "Lantschner, Carmen"]
[WhiteElo "1798"]
[BlackElo "1662"]
[Result "1-0"]
[PlyCount "53"]
[EventDate "2012.11.01"]

1. e4 d6 2. d4 Nf6 3. Nc3 g6 4. Bg5 Bg7 5. Qd2 h6 6. Bf4 c6 7. f3 b5 8. Nge2
Bb7 9. O-O-O Na6 10. Kb1 Nc7 11. Nc1 a5 12. g4 Nd7 13. h4 b4 14. Na4 Ba6 15.
Bxa6 Nxa6 16. Rhe1 c5 17. e5 dxe5 18. dxe5 Nc7 19. Nd3 Ne6 20. Be3 Nxe5 21. Qe2
Qc7 22. Nxe5 Bxe5 23. Qb5+ Kf8 24. Nb6 Ra7 25. Nd7+ Kg7 26. Nxe5 Qxe5 27. Bxh6+
1-0